000
00293nam a22001337a 4500
008
170130b xxu||||| |||| 00| 0 eng d
020
_a
018085
041
_a
eng
080
_a
61
100
_a
3
101
_a
shm
245
_a
BOTTOM LINE'S HEALTH BREAKTHROUGH
_c
BOTTOM LINE
942
_2
udc
_c
BK
999
_c
3938
_d
3938